| 000 | 00713nam a22001817a 4500 | ||
|---|---|---|---|
| 999 |
_c16387 _d16387 |
||
| 003 | AR-CdUCM | ||
| 008 | 190503b ||||| |||| 00| 0 esp d | ||
| 040 |
_aMUNICIPALIDAD PROVINCIAL DEL CUSCO _cBIBLIOTECA MUNICIPAL DEL CUSCO |
||
| 082 |
_a823 / _bW44 |
||
| 100 |
_aWells, H. G. _918489 |
||
| 245 | _aHombres como dioses / | ||
| 260 |
_aBuenos Aires : _bM. Gleizer & Cia, _c1925. |
||
| 300 |
_a269 páginas ; _c20 cm. |
||
| 505 | _aMister Barnstaple toma vacaciones -- El camino maravilloso -- Los hombres hermosos -- La sombra de Einstein pasa ligeramente sobre esta historia sin detenerse -- La epidemia -- El fin del peñasco ... | ||
| 650 |
_aNovela _95 |
||
| 942 |
_2ddc _cLIBROS |
||
| 945 |
_aacrt _d2019-05-03 |
||